000
00425nam a2200145Ia 4500
008
100204s9999 xx 000 0 und d
082
_b
18093
100
_a
इनामदार ना.स.
245
_a
शिकस्त
260
_b
कॉन्टिनेन्टल प्रकाशन पुणे
_c
1992 3
300
_a
577
630
_a
शिकस्त
730
_a
शिकस्त
942
_c
BOOK
999
_c
462516
_d
462513